Introduction to chemical engineering thermodynamics / (Record no. 17276)
[ view plain ]
| 000 -LEADER | |
|---|---|
| fixed length control field | 00771pam a2200253 a 4500 |
| 001 - CONTROL NUMBER | |
| control field | 1460466 |
| 003 - CONTROL NUMBER IDENTIFIER | |
| control field | MUT |
| 005 - DATE AND TIME OF LATEST TRANSACTION | |
| control field | 20240606081413.0 |
| 008 - FIXED-LENGTH DATA ELEMENTS--GENERAL INFORMATION | |
| fixed length control field | 860317s1987 nyua b 001 0 eng |
| 020 ## - INTERNATIONAL STANDARD BOOK NUMBER | |
| International Standard Book Number | 9780070145870 |
| 040 ## - CATALOGING SOURCE | |
| Transcribing agency | MUT |
| 050 00 - LIBRARY OF CONGRESS CALL NUMBER | |
| Classification number | TP 149 |
| Item number | .S58 2005 |
| 100 1# - MAIN ENTRY--PERSONAL NAME | |
| Personal name | Smith, J. M. |
| Fuller form of name | (Joseph Mauk), |
| Dates associated with a name | 1916- |
| 245 10 - TITLE STATEMENT | |
| Title | Introduction to chemical engineering thermodynamics / |
| 250 ## - EDITION STATEMENT | |
| Edition statement | 7th ed. |
| 260 ## - PUBLICATION, DISTRIBUTION, ETC. | |
| Place of publication, distribution, etc. | New Delhi: |
| Name of publisher, distributor, etc. | McGraw-Hill, |
| Date of publication, distribution, etc. | c2005 |
| 440 #0 - SERIES STATEMENT/ADDED ENTRY--TITLE | |
| Title | McGraw-Hill chemical engineering series |
| 504 ## - BIBLIOGRAPHY, ETC. NOTE | |
| Bibliography, etc. note | Includes bibliographical references and indexes. |
| 650 #0 - SUBJECT ADDED ENTRY--TOPICAL TERM | |
| Topical term or geographic name entry element | Thermodynamics. |
| 650 #0 - SUBJECT ADDED ENTRY--TOPICAL TERM | |
| Topical term or geographic name entry element | Chemical engineering. |
| 700 1# - ADDED ENTRY--PERSONAL NAME | |
| Personal name | Van Ness, H. C. |
| Fuller form of name | (Hendrick C.) |
| 700 1# - ADDED ENTRY--PERSONAL NAME | |
| Personal name | Abbott, M. M. |
| 942 ## - ADDED ENTRY ELEMENTS (KOHA) | |
| Source of classification or shelving scheme | Library of Congress Classification |
| Koha item type | Books |
| Withdrawn status | Lost status | Source of classification or shelving scheme | Damaged status | Not for loan | Home library | Current library | Shelving location | Date acquired | Source of acquisition | Total checkouts | Full call number | Barcode | Date last seen | Price effective from | Koha item type |
|---|---|---|---|---|---|---|---|---|---|---|---|---|---|---|---|
| Library of Congress Classification | Murang'a University of Technology Library | Murang'a University of Technology Library | General stacks | 04/07/2018 | Donation-TFC | TP 149 .S58 2005 | 016855 | 30/08/2024 | 04/07/2018 | Books |